[Event "GER-ch Youth-C"]
[Site "Willingen"]
[Date "2022.06.11"]
[Round "9"]
[White "Roth, Jonas"]
[Black "Froehlich, Niklas"]
[Result "1-0"]
[WhiteElo "1239"]
[BlackElo "1242"]
[PlyCount "85"]
[EventDate "2022.06.04"]
[EventType "swiss"]
[EventRounds "9"]
[EventCountry "GER"]
[SourceTitle "CBM 208 Extra"]
[Source "ChessBase"]
[SourceDate "2022.07.31"]
[SourceVersion "1"]
[SourceVersionDate "2022.07.31"]
[SourceQuality "1"]

1. d4 Nf6 2. Nc3 g6 3. e4 Bg7 4. Bg5 d6 5. e5 dxe5 6. dxe5 Ng4 7. Qxd8+ Kxd8 8. Rd1+ Nd7 9. e6 fxe6 10. Bc4 Rf8 11. Nf3 h6 12. Bc1 e5 13. 0-0 c6 14. Ne4 Ke8 15. Nh4 Ndf6 16. Nc3 Nh5 17. h3 g5 18. hxg4 Nf4 19. Nf5 Bxf5 20. gxf5 Rxf5 21. Bxf4 exf4 22. Rd3 g4 23. Be6 Rg5 24. f3 gxf3 25. Rdxf3 Bd4+ 26. Kh1 Rd8 27. Rxf4 Bg7 28. Bh3 e5 29. Rg4 Rxg4 30. Bxg4 Rd2 31. Bf5 Rd4 32. g4 Rf4 33. Rxf4 exf4 34. Kg2 Kf7 35. Kf3 Be5 36. Nd1 Kf6 37. Be4 Kg5 38. b3 Bd4 39. a4 a5 40. Bf5 b6 41. Bd7 c5 42. Nf2 Be3 43. Nh3+ 1-0

[Event "GER-ch Youth-C"]
[Site "Willingen"]
[Date "2022.06.10"]
[Round "8"]
[White "Froehlich, Niklas"]
[Black "Hapke, Marvin"]
[Result "1-0"]
[WhiteElo "1242"]
[BlackElo "1262"]
[PlyCount "98"]
[EventDate "2022.06.04"]
[EventType "swiss"]
[EventRounds "9"]
[EventCountry "GER"]
[SourceTitle "CBM 208 Extra"]
[Source "ChessBase"]
[SourceDate "2022.07.31"]
[SourceVersion "1"]
[SourceVersionDate "2022.07.31"]
[SourceQuality "1"]

1. e4 e5 2. Nf3 Nc6 3. Bc4 Bc5 4. c3 Nf6 5. d4 exd4 6. cxd4 Bb4+ 7. Nc3 Nxe4 8. 0-0 Bxc3 9. bxc3 0-0 10. d5 Ne7 11. Bg5 Nxg5 12. Nxg5 d6 13. Qh5 Bf5 14. g4 Bg6 15. Qh3 f5 16. Ne6 fxg4 17. Qg3 Nf5 18. Qxg4 Nh6 19. Qg2 Qf6 20. Nxf8 Rxf8 21. Rac1 Nf5 22. Be2 Nh4 23. Qg3 Nf3+ 24. Bxf3 Qxf3 25. Qxf3 Rxf3 26. Rfe1 Rf6 27. Re6 Rf4 28. Re7 Bd3 29. Rce1 Bc4 30. R1e4 Rxe4 31. Rxe4 Bxd5 32. Re7 c5 33. a3 Bc6 34. f4 a5 35. Kf2 Kf8 36. Rc7 d5 37. Ke3 h6 38. c4 d4+ 39. Kd3 g6 40. h4 h5 41. Kd2 Kg8 42. Re7 Bf3 43. Re5 b6 44. Re6 b5 45. cxb5 c4 46. b6 c3+ 47. Kd3 Kf7 48. Rd6 Be4+ 49. Kxe4 c2 1-0

[Event "GER-chT Lands U20"]
[Site "Wuerzburg"]
[Date "2019.10.05"]
[Round "6.9"]
[White "Froehlich, Niklas"]
[Black "Fuchs, Florian1111"]
[Result "0-1"]
[WhiteElo "1228"]
[BlackElo "1789"]
[PlyCount "100"]
[EventDate "2019.10.01"]
[EventType "team-swiss"]
[EventRounds "7"]
[EventCountry "GER"]
[SourceTitle "EXT 2020"]
[Source "ChessBase"]
[SourceDate "2019.10.17"]
[SourceVersion "1"]
[SourceVersionDate "2019.10.17"]
[SourceQuality "1"]
[WhiteTeam "Bremen/Niedersachsen"]
[BlackTeam "Bayern II"]
[WhiteTeamCountry "GER"]
[BlackTeamCountry "GER"]

1. e4 c5 2. d4 cxd4 3. c3 g6 4. cxd4 d5 5. e5 Nc6 6. Nc3 Nh6 7. h3 Nf5 8. Nf3 h5 9. Bb5 e6 10. Bg5 Be7 11. Bxe7 Qxe7 12. a3 Bd7 13. Rc1 a6 14. Ba4 b5 15. Bc2 Nh4 16. Nxh4 Qxh4 17. Ne2 Na5 18. g3 Qe7 19. a4 Qb4+ 20. Nc3 Qxb2 21. Qd2 Nc4 22. Nd1 Nxd2 23. Nxb2 Nf3+ 24. Kf1 Nxd4 25. Bd1 Ke7 26. f4 Rac8 27. Rxc8 Rxc8 28. axb5 Bxb5+ 29. Kf2 Rc1 30. h4 Rb1 31. Ke3 Nf5+ 32. Kf3 Rxb2 33. Re1 Rb1 34. Kf2 a5 35. Kf3 Ba4 36. Ke2 Nxg3+ 37. Kd2 Ne4+ 38. Ke2 Bxd1+ 39. Rxd1 Nc3+ 40. Kd2 Nxd1 41. Kc2 Rb5 42. Kxd1 a4 43. f5 a3 44. f6+ Kd7 45. Ke2 Rb3 46. Kd2 a2 47. Kc2 Ra3 48. Kd2 a1Q 49. Ke2 Qb2+ 50. Ke1 Ra1# 0-1

[Event "GER-ch U25-C"]
[Site "Willingen"]
[Date "2019.06.15"]
[Round "9"]
[White "Laux, Filip"]
[Black "Froehlich, Niklas"]
[Result "0-1"]
[WhiteElo "1155"]
[BlackElo "1261"]
[PlyCount "80"]
[EventDate "2019.06.08"]
[EventType "swiss"]
[EventRounds "9"]
[EventCountry "GER"]
[SourceTitle "EXT 2020"]
[Source "ChessBase"]
[SourceDate "2019.10.17"]
[SourceVersion "1"]
[SourceVersionDate "2019.10.17"]
[SourceQuality "1"]

1. e4 c5 2. Nf3 d6 3. g3 Nf6 4. d3 e6 5. Bg2 Qb6 6. 0-0 Be7 7. b3 Bd7 8. Be3 Nc6 9. Nbd2 Ng4 10. Re1 h5 11. h3 Nxe3 12. Rxe3 Bf6 13. Nc4 Qc7 14. Rb1 g5 15. Nh2 h4 16. Ng4 Bg7 17. Qf3 Nd4 18. Qd1 0-0-0 19. c3 Nb5 20. Rc1 f5 21. Nh2 g4 22. hxg4 Bh6 23. a4 Bxe3 24. Nxe3 hxg3 25. fxg3 d5 26. axb5 Qxg3 27. Nef1 Qh4 28. exd5 Qg5 29. b4 exd5 30. Bxd5 fxg4 31. Bg2 Rdf8 32. Qa4 Qxc1 33. Qxa7 Rxf1+ 34. Bxf1 Qe3+ 35. Kh1 Qf3+ 36. Kg1 Qg3+ 37. Bg2 Qxh2+ 38. Kf1 Qf4+ 39. Kg1 Qe3+ 40. Kf1 Rf8+ 0-1

[Event "GER-ch U10"]
[Site "Willingen"]
[Date "2018.05.23"]
[Round "7"]
[White "Froehlich, Niklas"]
[Black "Udelnov, Valentin"]
[Result "0-1"]
[WhiteElo "1147"]
[BlackElo "1377"]
[PlyCount "24"]
[EventDate "2018.05.19"]
[EventType "swiss"]
[EventRounds "11"]
[EventCountry "GER"]
[SourceTitle "CBM 184 Extra"]
[Source "ChessBase"]
[SourceDate "2018.06.28"]
[SourceVersion "1"]
[SourceVersionDate "2018.06.28"]
[SourceQuality "1"]

1. e4 c5 2. d4 cxd4 3. c3 d3 4. Bxd3 Nc6 5. Nf3 g6 6. Bf4 Bg7 7. Bc4 Nf6 8. e5 Nh5 9. Qd2 Nxf4 10. Qxf4 0-0 11. Ng5 Nxe5 12. Bb3 Nd3+ 0-1

[Event "GER-ch U10"]
[Site "Willingen"]
[Date "2017.06.06"]
[Round "5"]
[White "Froehlich, Niklas"]
[Black "Cromm, Mika"]
[Result "0-1"]
[WhiteElo "1023"]
[BlackElo "1175"]
[PlyCount "84"]
[EventDate "2017.06.04"]
[EventType "swiss"]
[EventRounds "11"]
[EventCountry "GER"]
[SourceTitle "CBM 178 Extra"]
[Source "ChessBase"]
[SourceDate "2017.06.22"]
[SourceVersion "1"]
[SourceVersionDate "2017.06.22"]
[SourceQuality "1"]

1. e4 e5 2. Nf3 Nc6 3. Nc3 Nf6 4. Bc4 h6 5. d3 Bc5 6. h3 Bb6 7. Be3 d6 8. 0-0 0-0 9. Nd2 Be6 10. Qf3 Qd7 11. Qg3 Kh8 12. Bxe6 fxe6 13. Nf3 Qf7 14. Nh4 Kh7 15. Kh1 d5 16. Ne2 dxe4 17. dxe4 Nxe4 18. Qf3 Qxf3 19. Nxf3 Rf6 20. Rad1 Raf8 21. Rd7 Nd6 22. Bxb6 axb6 23. Rxc7 e4 24. Nd2 Rxf2 25. Re1 R8f6 26. Rd7 e5 27. a3 Rg6 28. Rxd6 Rgxg2 29. b4 Rxe2 30. Rxe2 Rxe2 31. Nc4 Rxc2 32. Ne3 Rc3 33. b5 Rxe3 34. bxc6 bxc6 35. Rxc6 Rxh3+ 36. Kg2 Rxa3 37. Rxb6 h5 38. Rb2 Kh6 39. Re2 Ra4 40. Kh3 g5 41. Re3 Kg6 42. Kg2 Rd4 0-1

[Event "GER-ch U10"]
[Site "Willingen"]
[Date "2017.06.05"]
[Round "4"]
[White "Froehlich, Niklas"]
[Black "Brandstrup, Luca Alexander"]
[Result "1-0"]
[WhiteElo "1023"]
[BlackElo "1083"]
[PlyCount "55"]
[EventDate "2017.06.04"]
[EventType "swiss"]
[EventRounds "11"]
[EventCountry "GER"]
[SourceTitle "CBM 178 Extra"]
[Source "ChessBase"]
[SourceDate "2017.06.22"]
[SourceVersion "1"]
[SourceVersionDate "2017.06.22"]
[SourceQuality "1"]

1. e4 c5 2. Nf3 d6 3. Nc3 e5 4. Bc4 Nf6 5. Ng5 d5 6. exd5 h6 7. Nge4 Bf5 8. Nxf6+ Qxf6 9. Qe2 Bxc2 10. d3 Bxd3 11. Qxd3 a6 12. Qe3 b5 13. Be2 Qg6 14. 0-0 Nd7 15. Qg3 Qb6 16. f4 exf4 17. Bxf4 g5 18. Be5 f6 19. Bxf6 Nxf6 20. Qe5+ Be7 21. Rae1 c4+ 22. Kh1 Kd8 23. Bd1 Ra7 24. Ne2 Rf8 25. Nd4 Ke8 26. d6 Qb7 27. Bf3 Qd7 28. Bc6 1-0

[Event "GER-ch U10"]
[Site "Willingen"]
[Date "2017.06.04"]
[Round "1"]
[White "Froehlich, Niklas"]
[Black "Fuchs, Thomas1111"]
[Result "0-1"]
[WhiteElo "1023"]
[BlackElo "1366"]
[PlyCount "58"]
[EventDate "2017.06.04"]
[EventType "swiss"]
[EventRounds "11"]
[EventCountry "GER"]
[SourceTitle "CBM 178 Extra"]
[Source "ChessBase"]
[SourceDate "2017.06.22"]
[SourceVersion "1"]
[SourceVersionDate "2017.06.22"]
[SourceQuality "1"]

1. e4 c5 2. Nc3 Nf6 3. d3 d6 4. Nf3 Nc6 5. g3 g6 6. Bg2 Bg7 7. 0-0 0-0 8. Re1 Bd7 9. b3 Nxe4 10. Rxe4 Bxc3 11. Bh6 Bg7 12. Qc1 Bf5 13. Re1 Qa5 14. Bd2 Qb6 15. Rb1 a6 16. a4 Qc7 17. Bh6 b5 18. Nh4 Be6 19. Bxg7 Kxg7 20. Qb2+ Kg8 21. Qc1 Rab8 22. Qh6 Nd4 23. Be4 f5 24. Nf3 fxe4 25. Nxd4 cxd4 26. Rxe4 Qxc2 27. Rf1 Bxb3 28. Rxe7 Rf7 29. Rxf7 Bxf7 0-1